Horrible harry moves up to third grade (Record no. 2048)

MARC details
000 -LEADER
fixed length control field 00839nam a22002777a 4500
005 - DATE AND TIME OF LATEST TRANSACTION
control field 20231103114817.0
020 ## - INTERNATIONAL STANDARD BOOK NUMBER
International Standard Book Number 9780140389722
040 ## - CATALOGING SOURCE
Original cataloging agency FISKH
Language of cataloging eng
Transcribing agency FISKH
Modifying agency FISKH
050 ## - LIBRARY OF CONGRESS CALL NUMBER
Classification number PZ7.K6797
082 ## - DEWEY DECIMAL CLASSIFICATION NUMBER
Classification number 808.899
100 ## - MAIN ENTRY--PERSONAL NAME
Personal name Kline, Suzy
245 ## - TITLE STATEMENT
Title Horrible harry moves up to third grade
Statement of responsibility, etc. PUFFIN CHAPTERS BY SUZY KLINE Pictures by Frank Remkiewicz
260 ## - PUBLICATION, DISTRIBUTION, ETC.
Place of publication, distribution, etc. New York :
Name of publisher, distributor, etc. Puffin Books,
Date of publication, distribution, etc. 1998
300 ## - PHYSICAL DESCRIPTION
Extent 58 pages :
Dimensions 19 cm
490 ## - SERIES STATEMENT
Materials specified Horrible Harry
505 ## - FORMATTED CONTENTS NOTE
Formatted contents note J
520 ## - SUMMARY, ETC.
Summary, etc. Horrible Harry and friends start off third grade with a new room and a field trip to an old copper mine to study rocks.
521 ## - TARGET AUDIENCE NOTE
Target audience note 460
Source Lexile
521 ## - TARGET AUDIENCE NOTE
Target audience note J
Source Raz-Plus
650 ## - SUBJECT ADDED ENTRY--TOPICAL TERM
Source of heading or term Horrible
650 ## - SUBJECT ADDED ENTRY--TOPICAL TERM
Source of heading or term Skip grades
650 ## - SUBJECT ADDED ENTRY--TOPICAL TERM
Source of heading or term Harry
700 ## - ADDED ENTRY--PERSONAL NAME
Personal name Remkiewicz, Frank
Titles and other words associated with a name Illustrator
942 ## - ADDED ENTRY ELEMENTS (KOHA)
Source of classification or shelving scheme Dewey Decimal Classification
Koha item type Books
Suppress in OPAC No
999 ## -
-- 2048
-- 2048
Holdings
Withdrawn status Lost status Source of classification or shelving scheme Damaged status Not for loan Collection Home library Current library Shelving location Date acquired Total Checkouts Full call number Barcode Date last seen Price effective from Koha item type
    Dewey Decimal Classification     Juvenile Fiction Footprints International School Library Network Toul Kork Campus Footprints International School Library Network Toul Kork Campus TK Primary Library Room(4th Floor), Bookcase 1&2, Shelves 1-16, Dark Blue Books 11/02/2023   KLI 808.899 PZ7.K6797 FISTK01789 11/02/2023 11/02/2023 Books